|
|
|
|
| LEADER |
00000cas a2200000 a 4500 |
| 001 |
vtls010197649 |
| 003 |
SK-MaSNL |
| 005 |
20260228160338.0 |
| 008 |
101214c20059999xo qr|p 0 b0slo |
| 022 |
|
|
|a 1339-1666
|
| 040 |
|
|
|a SNK
|b slo
|c SNK
|e AACR2
|
| 041 |
0 |
|
|a slo
|
| 043 |
|
|
|a e-xo---
|
| 044 |
|
|
|a xo
|c SK
|
| 072 |
|
7 |
|a 352/354
|x Stupne miestnej, oblastnej a ústrednej správy
|2 konspekt
|
| 072 |
|
7 |
|a 316.7
|x Sociológia kultúry. Kultúrny život
|2 konspekt
|
| 072 |
|
7 |
|a 394
|x Verejný a spoločenský život. Každodenný život
|2 konspekt
|
| 080 |
|
|
|a 353.9
|2 2011
|
| 080 |
|
|
|a 316.728
|2 2011
|
| 080 |
|
|
|a 394
|2 2011
|
| 080 |
|
|
|a 050
|2 2011
|
| 080 |
|
|
|a (051)+(054)(437.6)
|2 2011
|
| 210 |
0 |
|
|a Požitavie - Širočina
|
| 222 |
|
0 |
|a Požitavie - Širočina
|
| 245 |
0 |
0 |
|a Požitavie - Širočina
|b časopis obyvateľov regiónu Požitavie-Širočina
|
| 260 |
|
|
|a [Velké Vozokany]
|b Mikroregión Požitavie-Širočina
|c 2005-
|
| 300 |
|
|
|a zv.
|c 21 cm
|
| 310 |
|
|
|a 4x ročne
|
| 362 |
0 |
|
|a 2005-
|
| 500 |
|
|
|a Registračné č.: OÚ/6I2001MT ; EV 4268/11
|
| 500 |
|
|
|a Podnázov: od r. [2009], časopis obyvateľov Mikroregiónu Požitavie-Širočina
|
| 650 |
0 |
7 |
|a územná samospráva
|2 SNKPH
|9 802
|
| 650 |
0 |
7 |
|a každodenný život
|2 SNKPH
|9 4946
|
| 651 |
|
7 |
|a Požitavie - Širočina (Slovensko : mikroregión)
|2 SNKPH
|9 266456
|
| 655 |
|
7 |
|a regionálne periodiká
|2 SNKPH
|9 131775
|
| 910 |
|
|
|a snk
|
| 999 |
|
|
|c 2222
|d 4152
|
| 952 |
|
|
|0 0
|1 0
|4 0
|7 0
|8 0
|a SNK
|b SNK
|d 2019-10-22
|i snk2019/26967
|l 0
|o snkČSC 4039/2005
|p 17A1384418
|r 2026-02-21 22:00:16
|t č. 1-4, neúplné
|w 2026-02-21
|y PREZ
|z Chýba č. 3,4
|
| 952 |
|
|
|0 0
|1 0
|4 0
|7 0
|8 0
|a SNK
|b SNK
|d 2019-10-22
|i snk2019/26968
|l 0
|o snkČSC 4039/5/2009
|p 17A1384419
|r 2026-02-21 22:00:16
|t č. 1-4
|w 2026-02-21
|y PREZ
|
| 952 |
|
|
|0 0
|1 0
|4 0
|7 0
|8 0
|a SNK
|b SNK
|d 2019-10-22
|i snk2019/26969
|l 0
|o snkČSC 4039/6/2010
|p 17A1384420
|r 2026-02-21 22:00:16
|t č. 1-4
|w 2026-02-21
|y PREZ
|
| 952 |
|
|
|0 0
|1 0
|4 0
|7 0
|8 0
|a SNK
|b SNK
|d 2019-10-22
|i snk2019/26970
|l 0
|o snkČSC 4039/7/2011
|p 17A1384421
|r 2026-02-21 22:00:17
|t č. 1-4, neúplné
|w 2026-02-21
|y PREZ
|z Chýba č. 4
|
| 952 |
|
|
|0 0
|1 0
|4 0
|7 0
|8 0
|a SNK
|b SNK
|d 2019-10-22
|i snk2019/26971
|l 0
|o snkČSC 4039/8/2012
|p 17A1384422
|r 2026-02-21 22:00:17
|t č. 1-4
|w 2026-02-21
|y PREZ
|
| 952 |
|
|
|0 0
|1 0
|4 0
|7 0
|8 0
|a SNK
|b SNK
|d 2019-10-22
|i snk2019/26972
|l 0
|o snkČSC 4039/9/2013
|p 17A1384423
|r 2026-02-21 22:00:17
|t č. 1-4
|w 2026-02-21
|y PREZ
|
| 952 |
|
|
|0 0
|1 0
|4 0
|7 0
|8 0
|a SNK
|b SNK
|d 2019-10-22
|i snk2019/26974
|l 0
|o snkČSC 4039/10/2014
|p 17A1384424
|r 2026-02-21 22:00:17
|t č. 1-4
|w 2026-02-21
|y PREZ
|
| 952 |
|
|
|0 0
|1 0
|4 0
|7 0
|8 0
|a SNK
|b SNK
|d 2019-10-22
|i snk2019/26976
|l 0
|o snkČSC 4039/11/2015
|p 17A1384425
|r 2026-02-21 22:00:17
|t č. 1-4
|w 2026-02-21
|y PREZ
|
| 952 |
|
|
|0 0
|1 0
|4 0
|7 0
|8 0
|a SNK
|b SNK
|d 2019-10-22
|i snk2019/26977
|l 0
|o snkČSC 4039/12/2016
|p 17A1384426
|r 2026-02-21 22:00:19
|t č. 1-3
|w 2026-02-21
|y PREZ
|
| 952 |
|
|
|0 0
|1 0
|4 0
|7 0
|8 0
|a SNK
|b SNK
|d 2019-10-22
|i snk2019/26978
|l 0
|o snkČSC 4039/13/2017
|p 17A1384427
|r 2026-02-21 22:00:19
|t č. 1-4, neúplné
|w 2026-02-21
|y PREZ
|z Chýba č. 3
|
| 952 |
|
|
|0 0
|1 0
|4 0
|7 0
|8 0
|a SNK
|b SNK
|d 2019-10-22
|i snk2019/26979
|l 0
|o snkČSC 4039/14/2018
|p 17A1384428
|r 2026-02-21 22:00:19
|t č. 1-4, neúplné
|w 2026-02-21
|y PREZ
|z Chýba č. 1,4
|
| 952 |
|
|
|0 0
|1 0
|4 0
|7 0
|8 0
|a SNK
|b SNK
|d 2020-10-28
|i snk2020/19965
|l 0
|o snkČSC 4039/15/2019
|p 17A1432928
|r 2026-02-21 22:23:15
|t č. 1-4
|w 2026-02-21
|y PREZ
|